Languages Official in 4 or More Countries - Sudden Death - Statistics

General Stats
  • This quiz has been taken 46 times
    37 since last reset
  • The average score is 6 of 11
Answers on the Grid
Answers color-coded by a green-red scale on the quiz's grid according to % correct below.
English
Polish
Turkish
German
Dutch
Hindi
Bengali
Urdu
French
Telugu
Italian
Spanish
Portuguese
Russian
Chinese
Japanese
Malay
Indonesian
Swahili
Arabic
Suomi
Bulgarian
Croatian
Albanian
 
Answer Stats
Answer % Correct
English
97%
French
77%
Portuguese
70%
German
67%
Spanish
63%
Arabic
60%
Russian
57%
Swahili
40%
Italian
37%
Malay
23%
Albanian
10%
No matching quizzes found
Score Distribution
Percent of People with Each Score
Percentile by Number Answered
Your Score History
You have not taken this quiz since the last reset